Critical constructivism primer (Record no. 1387558)

MARC details
000 -LEADER
fixed length control field 00609nam a2200217Ia 4500
005 - DATE AND TIME OF LATEST TRANSACTION
control field 20250508164217.0
008 - FIXED-LENGTH DATA ELEMENTS--GENERAL INFORMATION
fixed length control field 008 250505s9999 xx 000 0 eng d
020 ## - INTERNATIONAL STANDARD BOOK NUMBER
International Standard Book Number 0-8204-7616-1
037 ## - SOURCE OF ACQUISITION
Stock number TextBook
040 ## - CATALOGING SOURCE
Original cataloging agency FEDL
Language of cataloging eng
Transcribing agency FEDL
041 ## - LANGUAGE CODE
Language code of text/sound track or separate title eng
Source of code eng
084 ## - COLON CLASSIFICATION NUMBER
Classification number 370.115, KIN
Assigning agency FEDL
100 ## - MAIN ENTRY--PERSONAL NAME
Personal name Kincheloe Joe L
245 #0 - TITLE STATEMENT
Title Critical constructivism primer
260 ## - PUBLICATION, DISTRIBUTION, ETC.
Place of publication, distribution, etc. New York, USA
Name of publisher, distributor, etc. Peter Lang
Date of publication, distribution, etc. 2005
300 ## - PHYSICAL DESCRIPTION
Extent 185p
365 ## - TRADE PRICE
Price type code USD
Price amount 18.95
650 ## - SUBJECT ADDED ENTRY--TOPICAL TERM
Topical term or geographic name entry element Educational Philosophy; Critical Pedagogy
9 (RLIN) 777691
942 ## - ADDED ENTRY ELEMENTS (KOHA)
Koha item type Textbook
Classification part 370.115, KIN
Holdings
Withdrawn status Lost status Damaged status Not for loan Home library Current library Date acquired Cost, normal purchase price Total Checkouts Full call number Barcode Date last seen Price effective from Koha item type
        Department of Education Library Department of Education Library 2025-05-08 18.95   370.115, KIN EL0081178 2025-05-08 2025-05-08 Textbook
Copyright @ Delhi University Library System